000 00862nam a22001337a 4500
040 _cRUA
082 _aAGR LY 2010 B045 Or.1
100 _aLY, KIMCHHORN.
245 _amechanical and plastic mulching weed control on sweet pepper in crop station at royal university of agriculture (វិធានការកំចាត់រុក្ខជាតិចង្រៃបែបមេកានិច​ និង គំរបប្លាស្ទិច នៅលើដំណាំម្ទេសហាវ៉ៃនៅក្នុងស្ថានីយ៍ពិសោធន៍ដំណាំនៃសាកលវិទ្យាល័យភូមិន្ទកសិកម្ម)
260 _aPhnom Penh
_bRUA
_c2010
300 _axii, 59p.
_bill.
_c29cm.
856 _uhttps://drive.google.com/file/d/1NOAojM--uwkRe4sPTdmF0KXLwv71v2JM/view?usp=sharing
942 _cAGR
999 _c1102
_d1102